Stati per riserve di Torio - Statistics

Statistiche generali
  • Questo quiz è stato fatto 5 volte
  • Il punteggio medio è 8 su 10
Statistiche sulle risposte
Riserve (Tonnellate) Continente Nazione % Corretto
595 000 Oceania Australia
100%
632 000 America del Sud Brasile
100%
846 477 Asia India
100%
381 000 Asia / Europa Turchia
100%
172 000 America del Nord Canada
67%
380 000 Africa Egitto
67%
155 000 Asia / Europa Russia
67%
595 000 America del Nord Stati Uniti
67%
300 000 America del Sud Venezuela
67%
148 000 Africa Sudafrica
33%
Nessun quiz corrispondente trovato
Distribuzione punteggi
Percentuale di utenti per punteggio
Percentile per numero di risposta
I tuoi punteggi nel tempo
Non hai fatto questo quiz